000 00351 a2200157 4500
001 159440
020 _a
040 _cMagnum
100 _aLing,mary
240 1 0 _aMundo incrivel:crocodilos e repteis
_lpor
245 1 0 _aMundo incrivel:crocodilos e repteis
362 0 _a1899
440 1 _aGlobo
697 _aMAGNITO: IJ/DIDATICO
942 _cBK
999 _c159440
_d159440